LEADER 01139nam a2200277 u 4500 001 000000076252 003 CaOOAMICUS 005 20070226123206.0 008 031117s1998 fr a u000 u fre u 020 $a2738105173 035 $a10976473 040 $aPUL$bita 100 1 $aChangeux, Jean Pierre.$0(OLS)http://pul/name/50721 245 13$aLa nature et la regle :$bce qui nous fait penser /$cJean-Pierre Changeux, Paul Ricoeur. 260 $aParis :$bOdile Jacob,$c1998. 300 $a350 p. :$bill. ;$c23 cm 500 $aBibliografia in nota. 650 4$aMente e corpo.$0(OLS)http://pul/subject/21508 650 4$aPensiero.$0(OLS)http://pul/subject/5022 700 1 $aRicoeur, Paul,$d1913-2005.$0(OLS)http://pul/name/31003 850 $aPUL 852 $aPUL$W1$xSL Filosofia 1$y2$m91 L 25$j97991$nBK-PRI$b $qStampati$B97991$CPULBib$Z2$F97991 $H90240 $81 941 1 $a8 996 $6020$a2738105173$9(OLS)http://pul/number/99920 996 $6245$aLa nature et la regle :$bce qui nous fait penser$9(OLS)http://pul/title/100027 996 $6260$aParis :$bOdile Jacob$9(OLS)http://pul/publisher/74670 LEADER 01490nam a2200325 u 4500 001 000000075003 003 CaOOAMICUS 005 20070226123043.0 008 021220s1993 inu u000 u eng u 020 $a1557530289 035 $a10949617 040 $aPUL$bita 041 0 $alat$aeng 100 1 $aMcInerny, Ralph $b1929-2010.$0(OLS)http://pul/name/38372 240 10$aDe unitate intellectus$9(Thomas Aquinas, s., c. 1225-1274).$lInglese.$0(OLS)http://pul/title/98368 245 10$aAquinas against the averroists :$bon there being only one Intellect /$cRalph McInerny. 260 $aWest Lafayette :$bPurdue University Press,$cc1993. 300 $a222 p. ;$c22 cm 490 1 $aPurdue University Series in the History of Philosophy 500 $aContiene indice analitico. 504 $aBibliografia in appendice. 650 4$aFilosofia medievale$xCritica e interpretazione.$0(OLS)http://pul/subject/1977 830 0$aPurdue University Series in the History of Philosophy.$0(OLS)http://pul/title/98370 850 $aPUL 852 $aPUL$W1$xDP1 Religione 1$y20$m485 B 35$j96610$nBK-PRI$b $qStampati$B96610$CPULBib$Z2$F96610 $H $81 941 1 $a8 961 $aINV: 89148 996 $6020$a1557530289$9(OLS)http://pul/number/97628 996 $6245$aAquinas against the averroists :$bon there being only one Intellect$9(OLS)http://pul/title/98369 996 $6260$aWest Lafayette :$bPurdue University Press$9(OLS)http://pul/publisher/74531